Developing Alliance Capabilities /

Alliances are becoming an ever more important strategic weapon to succeed in many industries. This book describes how various leading firms have succeeded in learning how to manage their alliance portfolios and uses cutting edge research to offer advice on alliance management skills.

Bibliographic Details
Main Author: Heimeriks, Koen H. (Author)
Corporate Author: SpringerLink (Online service)
Format: eBook
Language:English
Published: London : Palgrave Macmillan UK : Imprint: Palgrave Macmillan, 2008.
Edition:1.
Subjects:
Online Access:Connect to the full text of this electronic book

MARC

Tag First Indicator Second Indicator Subfields
LEADER 00000cam a22000005i 4500
001 in00003728713
005 20210728125937.0
006 m o d
007 cr nn 008mamaa
008 151216s2008 xxk| o |||| 0|eng d
020 |a 9780230594043  |9 978-0-230-59404-3 
024 7 |a 10.1057/9780230594043  |2 doi 
035 |a (DE-He213)978-0-230-59404-3 
035 |a 5308422 
040 |d UtOrBLW 
072 7 |a BUS041000  |2 bisacsh 
072 7 |a KJM  |2 bicssc 
082 0 4 |a 658  |2 23 
090 |a HD69.S8  |b H456 2008 
100 1 |a Heimeriks, Koen H.,  |e author. 
245 1 0 |a Developing Alliance Capabilities /  |c by Koen H. Heimeriks. 
250 |a 1. 
264 1 |a London :  |b Palgrave Macmillan UK :  |b Imprint: Palgrave Macmillan,  |c 2008. 
300 |a 1 online resource (XV, 186 pages) 
336 |a text  |b txt  |2 rdacontent 
337 |a computer  |b c  |2 rdamedia 
338 |a online resource  |b cr  |2 rdacarrier 
347 |a text file  |b PDF  |2 rda 
500 |a Electronic resource. 
520 |a Alliances are becoming an ever more important strategic weapon to succeed in many industries. This book describes how various leading firms have succeeded in learning how to manage their alliance portfolios and uses cutting edge research to offer advice on alliance management skills. 
650 1 4 |a Business and Management. 
650 2 4 |a Business Strategy/Leadership. 
650 2 4 |a Management. 
650 0 |a Business.  |0 http://id.loc.gov/authorities/subjects/sh85018260 
650 0 |a Leadership.  |0 http://id.loc.gov/authorities/subjects/sh85075480 
650 0 |a Management.  |0 http://id.loc.gov/authorities/subjects/sh85080336 
655 7 |a Electronic books.  |2 local 
710 2 |a SpringerLink (Online service)  |0 http://id.loc.gov/authorities/names/no2005046756 
773 0 |t Springer eBooks 
776 1 8 |i Printed edition:  |z 9781349299911 
856 4 0 |u http://proxy.library.tamu.edu/login?url=https://dx.doi.org/10.1057/9780230594043  |z Connect to the full text of this electronic book  |t 0 
999 f f |s 7465ff37-5035-3799-bb04-b412671361e1  |i 8cf6e025-580a-3024-aa69-4b38d4a3cb28  |t 0 
952 f f |a Texas A&M University  |b College Station  |c Electronic Resources  |d Available Online  |t 0  |e HD69.S8 H456 2008  |h Library of Congress classification 
998 f f |a HD69.S8 H456 2008  |t 0  |l Available Online